|
|
|
|
| LEADER |
01556nam a2200409 i 4500 |
| 001 |
001582309 |
| 003 |
CZ BrMZK |
| 005 |
20170803061322.0 |
| 007 |
ta |
| 008 |
170622s2000 xxuabhje f 001 0 eng |
| 020 |
|
|
|a 978-0-19-285402-5
|q (brožováno)
|
| 040 |
|
|
|a BOA001
|b cze
|e rda
|
| 043 |
|
|
|a e-uk-en
|
| 072 |
|
7 |
|a 94(420/429)
|x Dějiny Anglie a Walesu
|2 Konspekt
|9 8
|
| 080 |
|
|
|a 94"04/14"
|2 MRF
|
| 080 |
|
|
|a 94(410.1)
|2 MRF
|
| 080 |
|
|
|a (0.062)
|2 MRF
|
| 100 |
1 |
|
|a Gillingham, John,
|d 1940-
|7 jn19990002685
|4 aut
|
| 245 |
1 |
0 |
|a Medieval Britain :
|b a very short introduction /
|c John Gillingham and Ralph A. Griffiths
|
| 250 |
|
|
|a First published
|
| 264 |
|
1 |
|a New York :
|b Oxford University Press,
|c 2000
|
| 300 |
|
|
|a 10 nečíslovaných stran, 177 stran :
|b ilustrace, mapy, faksimile, 1 genealogická tabulka ;
|c 18 cm
|
| 336 |
|
|
|a text
|b txt
|2 rdacontent
|
| 337 |
|
|
|a bez média
|b n
|2 rdamedia
|
| 338 |
|
|
|a svazek
|b nc
|2 rdacarrier
|
| 490 |
1 |
|
|a Very short introductions ;
|v 19
|
| 500 |
|
|
|a Chronologický přehled
|
| 504 |
|
|
|a Obsahuje bibliografii a rejstřík
|
| 650 |
0 |
7 |
|a středověk
|7 ph126223
|z Anglie
|2 czenas
|
| 651 |
|
7 |
|a Anglie
|7 ge134022
|x dějiny
|2 czenas
|
| 655 |
|
7 |
|a populárně-naučné publikace
|7 fd131864
|2 czenas
|
| 700 |
1 |
|
|a Griffiths, Ralph A.
|q (Ralph Alan),
|d 1937-
|7 jn20000602486
|4 aut
|
| 830 |
|
0 |
|a Very short introductions
|
| 910 |
|
|
|a BOA001
|b 1-1391.386
|
| 990 |
|
|
|a BK
|
| 991 |
|
|
|b 201708
|c NOV
|x 99
|
| 996 |
7 |
|
|b 2610712334
|c 1-1391.386
|l Anglická knihovna/2.patro
|r ZHR
|n 3
|p kupz
|h HI
|w 001617739
|u 000010
|a 0
|e BOA001
|j MZK50
|s A
|